[Event "Torquay Paignton Rowena op"]
[White "Tello, Yasser"]
[Black "Body, Giles"]
[Site "Torquay"]
[Round "7"]
[Result "1/2-1/2"]
[Date "2018.09.08"]
[WhiteElo "161"]
[BlackElo "159"]
[PlyCount "49"]
[EventDate "2018.09.02"]
[EventType "swiss"]
[EventRounds "7"]
[EventCountry "ENG"]
[SourceTitle "CBM 187 Extra"]
[Source "ChessBase"]
[SourceDate "2018.11.04"]
[SourceVersion "1"]
[SourceVersionDate "2018.11.04"]
[SourceQuality "1"]

1. d4 d5 2. c4 c6 3. Nf3 Nf6 4. cxd5 cxd5 5. Nc3 Nc6 6. Bf4 Bf5 7. e3 Qb6 8. Bd3 Bxd3 9. Qxd3 e6 10. 0-0 Be7 11. a3 0-0 12. b4 Nh5 13. Bg3 Nxg3 14. hxg3 Qd8 15. Rfc1 Qd6 16. Rd1 Rfd8 17. Rac1 Rac8 18. Qb1 a6 19. Na4 Nb8 20. Rxc8 Rxc8 21. Rc1 Rxc1+ 22. Qxc1 Bd8 23. Ne5 b6 24. Qc8 Qc7 25. Qxc7 1/2-1/2

[Event "Wakefield 4NCL op-B 14th"]
[White "Tello, Yasser"]
[Black "Tart, Peter K"]
[Site "Wokefield"]
[Round "4"]
[Result "1-0"]
[Date "2017.07.16"]
[WhiteElo "1922"]
[BlackElo "1914"]
[PlyCount "75"]
[EventDate "2017.07.14"]
[EventType "swiss"]
[EventRounds "5"]
[EventCountry "ENG"]
[SourceTitle "EXT 2018"]
[Source "ChessBase"]
[SourceDate "2017.10.13"]
[SourceVersion "1"]
[SourceVersionDate "2017.10.13"]
[SourceQuality "1"]

1. d4 e6 2. e4 b6 3. Nf3 Bb7 4. Bd3 Nf6 5. Qe2 c5 6. c3 d5 7. e5 Ne4 8. Nbd2 Nxd2 9. Bxd2 Be7 10. 0-0 0-0 11. b4 c4 12. Bc2 Nd7 13. h3 Re8 14. Nh2 Nf8 15. a4 a6 16. f4 Bc8 17. g4 Ra7 18. Rf2 Rc7 19. Raf1 f6 20. Nf3 Rb7 21. f5 a5 22. b5 Rc7 23. Qd1 exf5 24. gxf5 fxe5 25. Nxe5 Bf6 26. Bf4 Bg5 27. Nc6 Rxc6 28. bxc6 Bxf4 29. Rxf4 Re3 30. R1f3 Qe8 31. Kf2 Rxf3+ 32. Qxf3 Qxc6 33. f6 g6 34. f7+ Kg7 35. h4 Qe6 36. h5 Qh3 37. Qxh3 Bxh3 38. h6+ 1-0

[Event "Weymouth Major op"]
[White "Papier, Alan"]
[Black "Tello, Yasser"]
[Site "Weymouth"]
[Round "1"]
[Result "0-1"]
[Date "2008.10.24"]
[WhiteElo "1640"]
[BlackElo "1784"]
[PlyCount "52"]
[EventDate "2008.10.24"]
[EventType "swiss"]
[EventRounds "5"]
[EventCountry "ENG"]
[SourceTitle "EXT 2011"]
[Source "ChessBase"]
[SourceDate "2010.11.26"]
[SourceVersion "1"]
[SourceVersionDate "2010.11.26"]
[SourceQuality "1"]

1. d4 e6 2. Nf3 Nf6 3. e3 b6 4. Bd3 Bb7 5. 0-0 Be7 6. Nbd2 d5 7. b3 0-0 8. Bb2 Nbd7 9. Ne5 Nxe5 10. dxe5 Nd7 11. Qg4 Nc5 12. Be2 f5 13. exf6 Bxf6 14. Bd4 e5 15. Bb2 Qe7 16. f4 exf4 17. Bxf6 Qxe3+ 18. Rf2 Rxf6 19. Nf1 Qe5 20. Rd1 Ne4 21. Rf3 Nc3 22. Re1 Nxe2+ 23. Kf2 Re8 24. c3 d4 25. cxd4 Qxd4+ 26. Ne3 fxe3+ 0-1